000 00624nam a2200181Ia 4500
003 GCL
008 140319s9999 xx 000 0 ara d
040 _aGCL /
_cGCL
082 0 4 _a320.9624
_bم ا
100 1 _aمحمد فضل على
245 1 0 _aالترابى البشير : الخلافة الكاذبة /
_cمحمد فضل على
300 _a141 ص
490 _aالهيئة العامة للاستعلامات
_v0
650 0 4 _aالاسلام والسياسة
650 0 4 _aالسودان - تاريخ - العصر الحديث
650 0 4 _aالسودان - الاحوال السياسية
942 _2ddc
_cBK
999 _c49238
_d49238